Ramones Covers - Definitive - Statistics

General Stats
  • This quiz has been taken 13 times
  • The average score is 16 of 41
Answer Stats
Hint Answer % Correct
Have You Ever Seen the Rain? Creedence Clearwater Revival
75%
Time Has Come Today The Chambers Brothers
75%
Surfin' Bird The Trashmen
75%
Indian Giver 1910 Fruitgum Company
50%
Do You Wanna Dance Bobby Freeman
50%
My Back Pages Bob Dylan
50%
Let's Dance Chris Montez
50%
Palisades Park Freddy Cannon
50%
Chinese Rocks | I Love You Johnny Thunders & The Heartbreakers
50%
Ramones Motörhead
50%
Come On, Let's Go Ritchie Valens
50%
I Got You Babe Sonny & Cher
50%
When I Was Young The Animals
50%
Surfin' Safari The Beach Boys
50%
Any Way You Want It The Dave Clark Five
50%
Take It As It Comes The Doors
50%
Street Fighting Man | Out of Time The Rolling Stones
50%
Baby, I Love You The Ronettes
50%
I Don't Wanna Grow Up Tom Waits
50%
Spider-Man Billy Van/Laurie Bowers Singers
25%
The Crusher Dee Dee King
25%
Poison Heart Dee Dee Ramones & The Spikey Tops
25%
I'm Making Monster for My Friends | It's Not for Me to Know Dee Dee Ramones I.C.L.C
25%
Can You Feel the Love Tonight? Elton John
25%
Needles & Pins Jackie DeShannon
25%
Surf City Jan & Dean
25%
California Sun Joe Jones
25%
7 and 7 Is Love
25%
I'll Remember Madonna
25%
Shape of Things to Come Max Frost & The Troopers
25%
Happy Birthday Mildred & Patty Hill
25%
Girl, You'll Be a Woman Soon Niel Diamond
25%
Big Empty Stone Temple Pilots
25%
Journey to the Center of the Mind The Amboy Dukes
25%
Someone to Love The Great Society
25%
Little Bit O' Soul The Little Darlings
25%
I Need Your Love The Poppees
25%
Can't Seem To Make You Mine The Seeds
25%
I Can't Control Myself The Troggs
25%
Substitute The Who
25%
Regulate Warren G
25%
No matching quizzes found
Score Distribution
Percent of People with Each Score
Percentile by Number Answered
Your Score History
You have not taken this quiz